Henri Rossi , Opéras historiques français 1767-1989, Paris, Honoré Champion, coll. « Dictionnaires & Références », 2019. (notice n° 1636002)
[ vue normale ]
| 000 -LEADER | |
|---|---|
| fixed length control field | 00570cam a2200145 4500500 |
| 005 - DATE AND TIME OF LATEST TRANSACTION | |
| control field | 20260111142331.0 |
| 041 ## - LANGUAGE CODE | |
| Language code of text/sound track or separate title | fre |
| 042 ## - AUTHENTICATION CODE | |
| Authentication code | dc |
| 100 10 - MAIN ENTRY--PERSONAL NAME | |
| Personal name | Moureau, François |
| Relator term | author |
| 245 00 - TITLE STATEMENT | |
| Title | Henri Rossi , Opéras historiques français 1767-1989, Paris, Honoré Champion, coll. « Dictionnaires & Références », 2019. |
| 260 ## - PUBLICATION, DISTRIBUTION, ETC. | |
| Date of publication, distribution, etc. | 2021.<br/> |
| 500 ## - GENERAL NOTE | |
| General note | 68 |
| 786 0# - DATA SOURCE ENTRY | |
| Note | Dix-huitième siècle | 53 | 1 | 2021-06-28 | p. CVII-CVII | 0070-6760 |
| 856 41 - ELECTRONIC LOCATION AND ACCESS | |
| Uniform Resource Identifier | <a href="https://shs.cairn.info/revue-dix-huitieme-siecle-2021-1-page-CVII?lang=fr&redirect-ssocas=7080">https://shs.cairn.info/revue-dix-huitieme-siecle-2021-1-page-CVII?lang=fr&redirect-ssocas=7080</a> |
Pas d'exemplaire disponible.




Réseaux sociaux